LEADER 03503oam 2200709Ia 450 001 9910777657803321 005 20190503073339.0 010 $a0-262-29207-6 010 $a1-282-09826-8 010 $a9786612098260 010 $a0-262-27600-3 010 $a1-4294-7757-1 035 $a(CKB)1000000000464428 035 $a(EBL)3338639 035 $a(SSID)ssj0000178635 035 $a(PQKBManifestationID)11182179 035 $a(PQKBTitleCode)TC0000178635 035 $a(PQKBWorkID)10240317 035 $a(PQKB)11010898 035 $a(MiAaPQ)EBC3338639 035 $a(OCoLC)145732324$z(OCoLC)228168163$z(OCoLC)228168164$z(OCoLC)243598255$z(OCoLC)297941288$z(OCoLC)473855570$z(OCoLC)568007215$z(OCoLC)607690629$z(OCoLC)722566027$z(OCoLC)728037336$z(OCoLC)815776508$z(OCoLC)939263528$z(OCoLC)961654341$z(OCoLC)962681639$z(OCoLC)988416662$z(OCoLC)991993258$z(OCoLC)991997594$z(OCoLC)1037479297$z(OCoLC)1037917954$z(OCoLC)1038621727$z(OCoLC)1055329072$z(OCoLC)1064736997$z(OCoLC)1081291641$z(OCoLC)1083560084 035 $a(OCoLC-P)145732324 035 $a(MaCbMITP)3740 035 $a(Au-PeEL)EBL3338639 035 $a(CaPaEBR)ebr10173700 035 $a(CaONFJC)MIL209826 035 $a(OCoLC)939263528 035 $a(EXLCZ)991000000000464428 100 $a20070627d2006 uy 0 101 0 $aeng 135 $aur|n|---||||| 181 $ctxt 182 $cc 183 $acr 200 00$aIndustrial organization and the digital economy /$fedited by Gerhard Illing and Martin Peitz 210 $aCambridge, Mass. $cMIT Press$dİ2006 215 $a1 online resource (316 p.) 300 $aDescription based upon print version of record. 311 $a0-262-52650-6 311 $a0-262-09041-4 320 $aIncludes bibliographical references and index. 327 $aIndustrial organization and the digital economy / Gerhard Illing and Martin Peitz -- Software patents / Chaim Fershtman and Neil Gandal -- Software platforms / David S. Evans, Andrew Hagiu, and Richard Schmalensee -- Digital music / Martin Petiz and Patrick Waelbroeck -- Economists examine file sharing and music sales / Stan J. Liebowitz -- Versioning information goods / Paul Belleflamme -- Preannouncing information goods / Jay Pil Choi, Eirik Gaard Kristiansen, and Jae Nahm -- Copyright enforcement in the digital era / Amit Gayer and Oz Shy -- Diffusion of electronic commerce / Emin M. Dinlersoz and Pedro Pereira -- Two-sided markets and electronic intermediaries / Bruno Jullien. 330 $aTheoretical and factual studies of ways that the rapidly evolving digital economy has changed the structure of different industries, focusing on the software and music industries. 606 $aHigh technology industries$xManagement 606 $aIndustrial organization 606 $aInformation technology$xManagement$vCase studies 606 $aElectronic commerce$xManagement$vCase studies 610 $aBUSINESS/Business Technology 610 $aECONOMICS/Industrial Organization 615 0$aHigh technology industries$xManagement. 615 0$aIndustrial organization. 615 0$aInformation technology$xManagement 615 0$aElectronic commerce$xManagement 676 $a658.8/72 701 $aIlling$b Gerhard$0300097 701 $aPeitz$b Martin$0300098 801 0$bOCoLC-P 801 1$bOCoLC-P 906 $aBOOK 912 $a9910777657803321 996 $aIndustrial organization and the digital economy$93778172 997 $aUNINA LEADER 01636nam 2200385z- 450 001 9910346925403321 005 20210211 010 $a1000011015 035 $a(CKB)4920000000101268 035 $a(oapen)https://directory.doabooks.org/handle/20.500.12854/53749 035 $a(oapen)doab53749 035 $a(EXLCZ)994920000000101268 100 $a20202102d2009 |y 0 101 0 $aeng 135 $aurmn|---annan 181 $ctxt$2rdacontent 182 $cc$2rdamedia 183 $acr$2rdacarrier 200 00$aModelling the human cardiac fluid mechanics. 3rd ed 210 $cKIT Scientific Publishing$d2009 215 $a1 online resource (80 p. p.) 311 08$a3-86644-357-9 330 $aThe third edition of this article on the modelling and simulation of the flow in human hearts supplements earlier editions. It discusses the flow-structure coupled heart model KAHMO FSI (Karlsruhe Heart Model) and examines patient-specific clinical application of the heart model for cardiac surgery. The KAHMO heart model can be used to predict flow losses and flow structures due to pathalogical ventricle defects. These are considered before and after surgery. 606 $aTechnology: general issues$2bicssc 610 $aCardiology 610 $aFlow Simulation 610 $aFluid Mechanics 610 $aHeart Surgery 610 $aHuman Heart 615 7$aTechnology: general issues 700 $aOertel$b HerbertKrittian, SebastianSpiegel, Kathrin$4auth$01287609 906 $aBOOK 912 $a9910346925403321 996 $aModelling the human cardiac fluid mechanics. 3rd ed$93020209 997 $aUNINA